| 000 | 00529nam a2200169Ia 4500 | ||
|---|---|---|---|
| 008 | 230917s9999||||xx |||||||||||||| ||und|| | ||
| 020 | _cRS200 | ||
| 040 |
_e227794 _aMAIN |
||
| 041 | _aEnglish | ||
| 082 | _a891.43301741 MK264P | ||
| 100 | _aमधुकान्त | ||
| 245 | 0 | _aपोस्टमार्टम | |
| 260 |
_aनई दिल्ली _bनवशीला प्रकाशन _c2015 |
||
| 300 | _a88 पृ. p. | ||
| 500 | _a2094 26/08/2015 HBD15/615 27/08/2015 Centre for Haryana Studies | ||
| 942 | _cBK | ||
| 999 |
_c15800 _d15800 |
||